Global marketing strategies / (Record no. 25592)
[ view plain ]
| 000 -LEADER | |
|---|---|
| fixed length control field | 01065cam a2200301 a 4500 |
| 001 - CONTROL NUMBER | |
| control field | 1656564 |
| 005 - DATE AND TIME OF LATEST TRANSACTION | |
| control field | 20170131164646.0 |
| 008 - FIXED-LENGTH DATA ELEMENTS--GENERAL INFORMATION | |
| fixed length control field | 980512s1998 maua b 001 0 eng |
| 010 ## - LIBRARY OF CONGRESS CONTROL NUMBER | |
| LC control number | 97072494 |
| 020 ## - INTERNATIONAL STANDARD BOOK NUMBER | |
| International Standard Book Number | 039587162X |
| 050 04 - LIBRARY OF CONGRESS CALL NUMBER | |
| Classification number | HF1416 .J43 1998 |
| 082 00 - DEWEY DECIMAL CLASSIFICATION NUMBER | |
| Classification number | 658.8/48 |
| Edition number | 21 |
| 100 1# - MAIN ENTRY--PERSONAL NAME | |
| Personal name | Jeannet, Jean-Pierre. |
| 245 10 - TITLE STATEMENT | |
| Title | Global marketing strategies / |
| Statement of responsibility, etc. | Jean-Pierre Jeannet, H. David Hennessey. |
| 250 ## - EDITION STATEMENT | |
| Edition statement | 4th ed. |
| 260 ## - PUBLICATION, DISTRIBUTION, ETC. (IMPRINT) | |
| Place of publication, distribution, etc. | Boston : |
| Name of publisher, distributor, etc. | Houghton Mifflin, |
| Date of publication, distribution, etc. | c1998. |
| 300 ## - PHYSICAL DESCRIPTION | |
| Extent | xxi, 918 p. : |
| Other physical details | ill. ; |
| Dimensions | 24 cm. |
| 504 ## - BIBLIOGRAPHY, ETC. NOTE | |
| Bibliography, etc | Includes bibliographical references and indexes. |
| 650 #0 - SUBJECT ADDED ENTRY--TOPICAL TERM | |
| Topical term or geographic name as entry element | Export marketing |
| General subdivision | Management. |
| 650 #0 - SUBJECT ADDED ENTRY--TOPICAL TERM | |
| Topical term or geographic name as entry element | Export marketing |
| General subdivision | Management |
| -- | Case studies. |
| 700 1# - ADDED ENTRY--PERSONAL NAME | |
| Personal name | Hennessey, Hubert D. |
| 856 7# - ELECTRONIC LOCATION AND ACCESS | |
| Materials specified | Table of contents |
| Uniform Resource Identifier | <a href="http://lcweb.loc.gov/catdir/toc/97-72494.html">http://lcweb.loc.gov/catdir/toc/97-72494.html</a> |
| Access method | http |
| 942 ## - ADDED ENTRY ELEMENTS (KOHA) | |
| Source of classification or shelving scheme | |
| Koha item type | Hard Covered Materials |
| Withdrawn status | Lost status | Source of classification or shelving scheme | Damaged status | Not for loan | Home library | Current library | Shelving location | Date acquired | Source of acquisition | Total Checkouts | Full call number | Barcode | Date last seen | Price effective from | Koha item type |
|---|---|---|---|---|---|---|---|---|---|---|---|---|---|---|---|
| MACHAKOS UNIVERSITY LIBRARY | MACHAKOS UNIVERSITY LIBRARY | Technical section | 31/01/2017 | Donation(BFA) | HF1416 .J43 1998 | 30601 | 06/07/2018 | 31/01/2017 | Hard Covered Materials |